Estado, universidad y sociedad: panel foro /

Gorde:
Xehetasun bibliografikoak
Egile nagusia: Fuentes Soria, Alfonso
Beste egile batzuk: Meza Palma, Floridalma, Morán, Lisandro
Formatua: Texto
Gaiak:
Etiketak: Etiketa erantsi
Etiketarik gabe, Izan zaitez lehena erregistro honi etiketa jartzen!

MARC

LEADER 00000 a a2200000 04500
001 16189
003
040
100 |a Fuentes Soria, Alfonso  
245 |a Estado, universidad y sociedad: panel foro /  |c Alfonso Fuentes Soria  
650 |a ESTADO  
650 |a SOCIEDAD  
650 |a UNIVERSIDADES  
650 |a ENSEÑANZA  
650 |a INVESTIGACION  
650 |a POBLACION  
700 |a Meza Palma, Floridalma  
700 |a Morán, Lisandro  
773 |a gnúm 13, (1991), páginas 5-18  
999 |c 21414  |d 21414